00402nam a2200181Ia 4500003000400000005001700004008004100021040000700062041000800069082001700077100000900094245003700103260003700140300000700177365000800184650000800192650002000200OSt20230603114826.0210423s1956 xx 000 0 und d cAL aeng a340 CALW223 aCALL aWomen and the law of inheritance bCommercial Law Publicationc1956 a10 cINR aLaw aSocial Sciences